| 000 | 00570nam a22001817a 4500 | ||
|---|---|---|---|
| 005 | 20251108164143.0 | ||
| 008 | 250721s1974 xx 000 0 ara d | ||
| 082 | 1 | 4 | _aم/921.38003/بيك |
| 100 | 1 | _aبيكيليس، فيكتور | |
| 245 | 1 | 0 | _aالموسوعة الصغيرة فير علم السبيرنيتيكا / |
| 264 | 1 |
_aموسكو : _bدارمير، _c1974. |
|
| 300 | _a333ص | ||
| 650 | 1 | 7 | _aالموسوعات |
| 650 | 1 | 7 | _aالهندسة الإلكترونية |
| 700 | 1 |
_aيوسف، أبو بكر _eترجمة |
|
| 942 |
_2ddc _cREF |
||
| 999 |
_c4976 _d4976 |
||